UM Logo

Short stories for positive/ (Record no. 8306)

MARC details
000 -LEADER
fixed length control field 00515nam a2200157 4500
008 - FIXED-LENGTH DATA ELEMENTS--GENERAL INFORMATION
fixed length control field 180118b xxu||||| |||| 00| 0 eng d
082 ## - DEWEY DECIMAL CLASSIFICATION NUMBER
Edition number 1952
Classification number DC 248.8
Item number W58
100 ## - MAIN ENTRY--PERSONAL NAME
9 (RLIN) 25683
Personal name White, Ellen G.
245 ## - TITLE STATEMENT
Title Short stories for positive/
Statement of responsibility, etc. Ellen G. White.
260 ## - PUBLICATION, DISTRIBUTION, ETC. (IMPRINT)
Place of publication, distribution, etc. Washington: D.C.
Name of publisher, distributor, etc. Review and Herald Publishing Association,
Date of publication, distribution, etc. ©1952.
300 ## - PHYSICAL DESCRIPTION
Extent 384 pages:
Other physical details color illustrated;
Dimensions 20 cm.
650 #0 - SUBJECT ADDED ENTRY--TOPICAL TERM
9 (RLIN) 25685
Topical term or geographic name as entry element Christianity
650 #0 - SUBJECT ADDED ENTRY--TOPICAL TERM
9 (RLIN) 25686
Topical term or geographic name as entry element Doctrines
700 ## - ADDED ENTRY--PERSONAL NAME
9 (RLIN) 25684
Personal name White, Ellen G.
942 ## - ADDED ENTRY ELEMENTS (KOHA)
Source of classification or shelving scheme Dewey Decimal Classification
Koha item type Circulation
Holdings
Withdrawn status Lost status Source of classification or shelving scheme Damaged status Not for loan Collection code Home library Current library Date acquired Source of acquisition Total Checkouts Full call number Barcode Date last seen Copy number Price effective from Koha item type
    Dewey Decimal Classification     Circulation UM Digos College - LIC UM Digos College - LIC   Purchased   DC 248.8 W58 1952 7053 06/08/2021 2 01/18/2018 Circulation
    Dewey Decimal Classification     Circulation UM Digos College - LIC UM Digos College - LIC   Purchased   DC 248.8 W58 1952 7502 04/14/2025 1 01/18/2018 Circulation